| Tag |
First Indicator |
Second Indicator |
Subfields |
| LEADER |
00000cam a2200000 a 4500 |
| 001 |
in00000074975 |
| 005 |
20151008060234.0 |
| 008 |
810813s1980 enk b 00110 eng |
| 010 |
|
|
|a 80040875
|
| 015 |
|
|
|a GB***
|
| 020 |
|
|
|a 0710005997
|
| 035 |
|
|
|a (OCoLC)07263714
|
| 035 |
|
|
|9 AAJ5368AM
|
| 039 |
0 |
|
|a 2
|b 3
|c 3
|d 3
|e 3
|
| 040 |
|
|
|a DLC
|c DLC
|d TXA
|d UtOrBLW
|
| 043 |
|
|
|a e-uk---
|
| 049 |
|
|
|a TXAM
|c [1362097]
|
| 050 |
0 |
0 |
|a PR429.G76
|b R47
|
| 082 |
0 |
|
|a 820/.9/1
|2 19
|
| 100 |
1 |
|
|a Rhodes, Neil.
|
| 245 |
1 |
0 |
|a Elizabethan grotesque /
|c Neil Rhodes.
|
| 264 |
|
1 |
|a London ;
|a Boston :
|b Routledge & Kegan Paul,
|c 1980.
|
| 300 |
|
|
|a xiv, 207 pages ;
|c 23 cm.
|
| 336 |
|
|
|a text
|b txt
|2 rdacontent
|
| 337 |
|
|
|a unmediated
|b n
|2 rdamedia
|
| 338 |
|
|
|a volume
|b nc
|2 rdacarrier
|
| 500 |
|
|
|a Includes index.
|
| 504 |
|
|
|a Bibliography: pages 189-202.
|
| 650 |
|
0 |
|a English literature
|y Early modern, 1500-1700
|x History and criticism.
|
| 650 |
|
0 |
|a Grotesque in literature.
|
| 999 |
|
|
|a MARS
|
| 999 |
f |
f |
|s accbb904-ae29-38c1-a858-1e57381a17a7
|i 6e9720ad-77bf-33ae-ac7b-0fe1ebef6dec
|t 0
|
| 952 |
f |
f |
|p normal
|a Texas A&M University
|b College Station
|c Sterling C. Evans Library
|d Evans: Library Stacks
|t 0
|e PR429.G76 R47
|h Library of Congress classification
|i unmediated -- volume
|m A14806182700
|
| 998 |
f |
f |
|a PR429.G76 R47
|t 0
|l Evans: Library Stacks
|